[Event "SVK-ch U16"]
[Site "Tatralandia"]
[Date "2024.04.08"]
[Round "5"]
[White "Kadela, Fedor"]
[Black "Libich, Oliver1"]
[Result "1/2-1/2"]
[WhiteElo "1672"]
[BlackElo "1857"]
[PlyCount "126"]
[EventDate "2024.04.05"]
[EventType "swiss"]
[EventRounds "9"]
[EventCountry "SVK"]
[SourceTitle "CB16_2024"]
[SourceDate "2024.04.17"]
[SourceVersion "1"]
[SourceVersionDate "2024.04.17"]
[SourceQuality "1"]

1. e4 e5 2. Nf3 Nc6 3. Bc4 Nf6 4. d3 Be7 5. 0-0 d6 6. c3 Bg4 7. Nbd2 0-0 8. Re1 Na5 9. Bb3 Nxb3 10. Qxb3 Rb8 11. h3 Bh5 12. Qd1 Re8 13. Nf1 h6 14. Ng3 Bg6 15. Nh4 Bh7 16. Nhf5 Bf8 17. Qf3 d5 18. Be3 c5 19. exd5 Nxd5 20. Qg4 Kh8 21. Bxc5 Nf6 22. Qb4 Qxd3 23. Bxf8 Bxf5 24. Red1 Rxf8 25. Rxd3 Bxd3 26. Rd1 e4 27. f3 Rfe8 28. fxe4 Bxe4 29. Nxe4 Rxe4 30. Qa5 a6 31. Rd8+ Rxd8 32. Qxd8+ Ng8 33. Qd5 Re7 34. b4 Kh7 35. a4 Nf6 36. Qf5+ Kg8 37. Qc8+ Kh7 38. c4 Ne8 39. c5 Kg8 40. c6 bxc6 41. Qxc6 Nc7 42. Qd6 Re1+ 43. Kf2 Rc1 44. b5 axb5 45. axb5 Nxb5 46. Qb8+ Kh7 47. Qxb5 g6 48. Qb7 Rc2+ 49. Ke3 Kg7 50. g4 Rc3+ 51. Kf4 Rxh3 52. Qb2+ Kg8 53. Qf6 Rh1 54. Qd8+ Kg7 55. Qd4+ Kg8 56. Qe4 Rf1+ 57. Ke5 Ra1 58. Kd6 Ra6+ 59. Kd7 Re6 60. Qa8+ Kg7 61. Qa1+ Kg8 62. Qh1 Kg7 63. Qc1 Kh7 1/2-1/2

[Event "Bratislava exe op"]
[Site "Bratislava"]
[Date "2023.09.21"]
[Round "7"]
[White "Kukan, Michal"]
[Black "Kadela, Fedor"]
[Result "1-0"]
[WhiteElo "1772"]
[BlackElo "1398"]
[PlyCount "59"]
[EventDate "2023.09.15"]
[EventType "swiss"]
[EventRounds "9"]
[EventCountry "SVK"]
[SourceTitle "EXT 2024"]
[Source "ChessBase"]
[SourceDate "2023.10.10"]
[SourceVersion "1"]
[SourceVersionDate "2023.10.10"]
[SourceQuality "1"]

1. e4 c6 2. d4 d5 3. Nc3 dxe4 4. Nxe4 Nf6 5. Nxf6+ exf6 6. Bc4 Bd6 7. Qe2+ Qe7 8. h3 Qxe2+ 9. Nxe2 Be6 10. Bd3 h5 11. 0-0 h4 12. Re1 0-0 13. Nf4 Re8 14. Bd2 Bxf4 15. Bxf4 Nd7 16. Re2 Rad8 17. Rae1 Nf8 18. c3 Bd7 19. a4 c5 20. dxc5 Ne6 21. Bd6 Bxa4 22. Bc4 Bd7 23. Ra1 Rc8 24. Bxe6 Rxe6 25. Rxe6 fxe6 26. Rxa7 Bc6 27. b4 g5 28. f3 Kf7 29. c4 Kg6 30. b5 1-0

[Event "Bratislava exe op"]
[Site "Bratislava"]
[Date "2023.09.20"]
[Round "6"]
[White "Kadela, Fedor"]
[Black "Arian, Tomer"]
[Result "1/2-1/2"]
[WhiteElo "1398"]
[BlackElo "1719"]
[PlyCount "43"]
[EventDate "2023.09.15"]
[EventType "swiss"]
[EventRounds "9"]
[EventCountry "SVK"]
[SourceTitle "EXT 2024"]
[Source "ChessBase"]
[SourceDate "2023.10.10"]
[SourceVersion "1"]
[SourceVersionDate "2023.10.10"]
[SourceQuality "1"]

1. e4 c6 2. c4 d5 3. exd5 cxd5 4. cxd5 Nf6 5. Nf3 Nxd5 6. Nc3 Nc6 7. d4 Bg4 8. Bb5 Nxc3 9. bxc3 e6 10. h3 Bxf3 11. Qxf3 Rc8 12. 0-0 Be7 13. Rd1 Qd5 14. Qxd5 exd5 15. Re1 Kd8 16. Rb1 Bd6 17. Bxc6 bxc6 18. Rb7 Rc7 19. Rb8+ Rc8 20. Rb7 Rc7 21. Rb8+ Rc8 22. Rb7 1/2-1/2

[Event "SVK-ch Amateurs"]
[Site "Liptovsky Jan"]
[Date "2023.06.18"]
[Round "7"]
[White "Janech, Michal"]
[Black "Kadela, Fedor"]
[Result "0-1"]
[WhiteElo "1000"]
[BlackElo "1309"]
[PlyCount "90"]
[EventDate "2023.06.15"]
[EventType "swiss"]
[EventRounds "8"]
[EventCountry "SVK"]
[SourceTitle "CBM 214 Extra"]
[Source "ChessBase"]
[SourceDate "2023.07.31"]
[SourceVersion "1"]
[SourceVersionDate "2023.07.31"]
[SourceQuality "1"]

1. d4 Nf6 2. Nc3 d5 3. Bf4 Bf5 4. h3 c5 5. Be5 e6 6. e3 Nc6 7. Bb5 a6 8. Bxc6+ bxc6 9. Nge2 Bd6 10. Bxd6 Qxd6 11. 0-0 cxd4 12. Nxd4 Bg6 13. Re1 0-0 14. Nde2 Rfb8 15. b3 h6 16. Ng3 Rd8 17. Qe2 Qb4 18. Na4 Rd7 19. c3 Qb5 20. Qxb5 axb5 21. Nc5 Rda7 22. Re2 Nd7 23. Nxd7 Rxd7 24. Rd2 Rda7 25. f3 Ra3 26. Rb2 c5 27. e4 c4 28. bxc4 bxc4 29. exd5 exd5 30. Rb5 Rxa2 31. Rxa2 Rxa2 32. Rxd5 Rc2 33. Ne4 Bxe4 34. fxe4 Rxc3 35. Rd2 Kf8 36. Kf2 Ke7 37. g4 Ke6 38. Rd5 Rxh3 39. Rc5 c3 40. Ke2 g6 41. Kd1 h5 42. gxh5 gxh5 43. Kc2 f6 44. Rxc3 Rxc3+ 45. Kxc3 h4 0-1

[Event "SVK-ch Amateurs"]
[Site "Liptovsky Jan"]
[Date "2023.06.18"]
[Round "8"]
[White "Kadela, Fedor"]
[Black "Murcin, Oliver"]
[Result "1/2-1/2"]
[WhiteElo "1309"]
[BlackElo "1000"]
[PlyCount "41"]
[EventDate "2023.06.15"]
[EventType "swiss"]
[EventRounds "8"]
[EventCountry "SVK"]
[SourceTitle "CBM 214 Extra"]
[Source "ChessBase"]
[SourceDate "2023.07.31"]
[SourceVersion "1"]
[SourceVersionDate "2023.07.31"]
[SourceQuality "1"]

1. e4 c6 2. d4 d5 3. exd5 cxd5 4. Nc3 Nc6 5. Nf3 Bg4 6. Be2 Bxf3 7. Bxf3 Nf6 8. 0-0 e6 9. Bf4 Bd6 10. Qd2 0-0 11. Nb5 Bxf4 12. Qxf4 a6 13. Nc3 Qb6 14. Rfd1 Rab8 15. Rab1 Rfe8 16. Qh4 Qc7 17. a3 b5 18. Ne2 Rbd8 19. Qg3 Qxg3 20. Nxg3 Re7 21. Rd2 1/2-1/2

[Event "SVK-ch U16"]
[Site "Dudince"]
[Date "2023.04.23"]
[Round "9"]
[White "Krasnansky, Radovan"]
[Black "Kadela, Fedor"]
[Result "1/2-1/2"]
[WhiteElo "1266"]
[BlackElo "1000"]
[PlyCount "31"]
[EventDate "2023.04.16"]
[EventType "swiss"]
[EventRounds "9"]
[EventCountry "SVK"]
[SourceTitle "CBM 213 Extra"]
[Source "ChessBase"]
[SourceDate "2023.05.31"]
[SourceVersion "1"]
[SourceVersionDate "2023.05.31"]
[SourceQuality "1"]

1. d4 d5 2. c4 c6 3. Nc3 Nf6 4. Bg5 Bf5 5. Nf3 e6 6. e3 Be7 7. Bd3 Ne4 8. Bxe7 Qxe7 9. 0-0 Nd7 10. Qc2 Ndf6 11. Nh4 Bg4 12. f3 Nxc3 13. bxc3 Bh5 14. f4 0-0 15. c5 Ng4 16. Rf3 1/2-1/2

[Event "SVK-ch U16"]
[Site "Dudince"]
[Date "2023.04.22"]
[Round "8"]
[White "Kadela, Fedor"]
[Black "Slivinsky, Maxim"]
[Result "1/2-1/2"]
[WhiteElo "1000"]
[BlackElo "1320"]
[PlyCount "38"]
[EventDate "2023.04.16"]
[EventType "swiss"]
[EventRounds "9"]
[EventCountry "SVK"]
[SourceTitle "CBM 213 Extra"]
[Source "ChessBase"]
[SourceDate "2023.05.31"]
[SourceVersion "1"]
[SourceVersionDate "2023.05.31"]
[SourceQuality "1"]

1. d4 Nf6 2. c4 e6 3. Nc3 Bb4 4. Bg5 Bxc3+ 5. bxc3 h6 6. Bh4 g5 7. Bg3 d6 8. h3 Nbd7 9. Nf3 Ne4 10. Bh2 f5 11. Nd2 Nxd2 12. Qxd2 Nf6 13. f3 Qe7 14. Rd1 e5 15. dxe5 dxe5 16. Bxe5 Qxe5 17. Qd8+ Kf7 18. Qxh8 Qxc3+ 19. Rd2 Qa1+ 1/2-1/2